[Event "Aeroflot Open 2016 B"]
[Site "Moscu RUS"]
[Date "2016.03.02"]
[Round "2.44"]
[White "Liu, Chang"]
[Black "Utiatskaja, Irina"]
[Result "1-0"]
[WhiteElo "2378"]
[BlackElo "2215"]
[PlyCount "85"]
[EventDate "2016.03.01"]
[EventType "swiss"]
[EventRounds "9"]
[EventCountry "RUS"]
[Source "lmi"]
[SourceDate "2016.03.01"]

1. e4 c5 2. Nf3 d6 3. d4 cxd4 4. Qxd4 Nc6 5. Bb5 Bd7 6. Bxc6 Bxc6 7. Nc3 Nf6 8.
Bg5 e6 9. O-O-O Be7 10. Qd3 Qa5 11. Bd2 Qa6 12. Qxa6 bxa6 13. Rhe1 O-O 14. Nd4
Bb7 15. Nb3 Rac8 16. f3 Rc7 17. Bf4 Rd8 18. Re2 Ne8 19. Red2 Rdc8 20. Kb1 h6
21. a3 Bc6 22. Na5 Ba8 23. Na2 Rc5 24. Nb3 Rb5 25. Be3 Rc7 26. Rd3 a5 27. Nc3
Rh5 28. Bf4 f5 29. e5 d5 30. h3 Rh4 31. Bg3 Rhc4 32. Nxa5 R4c5 33. Nb3 Rc4 34.
Nb5 Rd7 35. Rd4 Rc6 36. Ra4 a6 37. N5d4 Rb6 38. Bf2 Bd8 39. Be1 Bc6 40. Nxc6
Rxc6 41. Nd4 Rb6 42. Ba5 Rbb7 43. Nxe6 1-0

[Event "Aeroflot Open 2016 B"]
[Site "Moscu RUS"]
[Date "2016.03.02"]
[Round "2.45"]
[White "Li, Yankai"]
[Black "Torosyan, Norayr"]
[Result "1-0"]
[WhiteElo "2175"]
[BlackElo "2378"]
[PlyCount "107"]
[EventDate "2016.03.01"]
[EventType "swiss"]
[EventRounds "9"]
[EventCountry "RUS"]
[Source "lmi"]
[SourceDate "2016.03.01"]

1. d4 Nf6 2. c4 g6 3. g3 Bg7 4. Bg2 O-O 5. Nc3 d6 6. Nf3 Nc6 7. O-O a6 8. d5
Na5 9. Nd2 c5 10. Qc2 b5 11. cxb5 axb5 12. Nxb5 Qb6 13. Nc3 Bf5 14. e4 Bc8 15.
h3 Ba6 16. Rd1 Nd7 17. Rb1 Ne5 18. Nf3 Qb4 19. Nxe5 Bxe5 20. Bd2 Nc4 21. Be1
Rfb8 22. Ne2 Qb5 23. Bf1 Qd7 24. Bc3 Rb6 25. Bxe5 Nxe5 26. b3 Nf3+ 27. Kg2 Bxe2
28. Qxe2 Nd4 29. Qd2 Rb4 30. Bd3 Ra3 31. Rb2 Qa7 32. Rc1 Qa5 33. Rc4 Kg7 34. f4
f5 35. Rxb4 Qxb4 36. Qxb4 cxb4 37. exf5 gxf5 38. Kf2 Kf6 39. g4 fxg4 40. hxg4
h6 41. Ke3 e5 42. Rh2 Kg7 43. fxe5 dxe5 44. Ke4 Ra8 45. Rf2 Re8 46. d6 Ne6 47.
Kxe5 Nc5+ 48. Kd4 Nxd3 49. Kxd3 Rd8 50. Kc4 Rxd6 51. Kxb4 Rd4+ 52. Ka5 Rxg4 53.
b4 h5 54. b5 1-0

[Event "Aeroflot Open 2016 B"]
[Site "Moscu RUS"]
[Date "2016.03.02"]
[Round "2.46"]
[White "Qiu, Mengjie"]
[Black "Tologontegin, Semetey"]
[Result "1/2-1/2"]
[WhiteElo "2169"]
[BlackElo "2370"]
[PlyCount "135"]
[EventDate "2016.03.01"]
[EventType "swiss"]
[EventRounds "9"]
[EventCountry "RUS"]
[Source "lmi"]
[SourceDate "2016.03.01"]

1. e4 c5 2. Nf3 a6 3. c3 e6 4. d4 d5 5. e5 Bd7 6. Bd3 h6 7. O-O Nc6 8. Nbd2
cxd4 9. cxd4 Qb6 10. Nb3 Nb4 11. Bb1 Ba4 12. Bd2 Rc8 13. Bc3 Ne7 14. Re1 Nbc6
15. Nfd2 Na7 16. Qg4 Bxb3 17. Nxb3 Nec6 18. Rc1 h5 19. Qg5 g6 20. Qf6 Rg8 21.
Bd3 Be7 22. Qf3 a5 23. Qe3 Qd8 24. Bd2 b6 25. Ba6 a4 26. Bxc8 Qxc8 27. Rxc6
Nxc6 28. Nc1 Qa6 29. Ne2 Kd7 30. Nc3 Qc4 31. Qf4 Qxd4 32. Qxd4 Nxd4 33. Nxa4 b5
34. Be3 Nf5 35. Nc5+ Bxc5 36. Bxc5 Rc8 37. b4 Ra8 38. a3 Ng7 39. f3 Ne8 40. Kf2
Nc7 41. Ke3 Na6 42. Bd6 Nb8 43. Kd4 Na6 44. a4 bxa4 45. b5 Nc7 46. b6 Nb5+ 47.
Kc5 Nxd6 48. exd6 Rc8+ 49. Kb5 e5 50. b7 Rb8 51. Kb6 f5 52. Ka7 Re8 53. b8=Q
Rxb8 54. Kxb8 Kxd6 55. Kb7 Kc5 56. Rc1+ Kb4 57. Kc6 d4 58. Kd5 d3 59. f4 e4 60.
Kd4 Kb3 61. Ke3 a3 62. Rc8 a2 63. Rb8+ Kc2 64. Rc8+ Kb1 65. Rb8+ Kc1 66. Rc8+
Kb2 67. Rb8+ Kc2 68. Ra8 1/2-1/2

[Event "Aeroflot Open 2016 B"]
[Site "Moscu RUS"]
[Date "2016.03.02"]
[Round "2.47"]
[White "Bogumil, Tatiana"]
[Black "Kulkarni, Rakesh"]
[Result "0-1"]
[WhiteElo "2132"]
[BlackElo "2357"]
[PlyCount "110"]
[EventDate "2016.03.01"]
[EventType "swiss"]
[EventRounds "9"]
[EventCountry "RUS"]
[Source "lmi"]
[SourceDate "2016.03.01"]

1. Nf3 Nf6 2. c4 c6 3. b3 d5 4. Bb2 Bf5 5. g3 e6 6. Bg2 Be7 7. O-O h6 8. d3 O-O
9. Nbd2 Nbd7 10. a3 a5 11. Re1 Bh7 12. Ra2 Qb6 13. h3 Nh5 14. d4 Qc7 15. e4
dxe4 16. Nxe4 Nhf6 17. Nc3 Rad8 18. Qe2 Rfe8 19. Bc1 Bd6 20. Ne5 Bf8 21. Na4
Nb6 22. Nxb6 Qxb6 23. Be3 Qc7 24. Qb2 Bd6 25. b4 Bxe5 26. dxe5 Nd7 27. f4 Nb6
28. Qc1 Na4 29. Ra1 Rd3 30. Bf1 Rc3 31. Qd1 Nb2 32. Qd6 Qc8 33. Qd4 Rc2 34.
Rec1 Rd8 35. Qb6 axb4 36. axb4 Rxc1 37. Rxc1 Bd3 38. Bxd3 Rxd3 39. Bf2 Qd7 40.
b5 Nxc4 41. bxc6 bxc6 42. Qb8+ Kh7 43. Qb1 Nd2 44. Qc2 Ne4 45. Qxc6 Rd1+ 46.
Kg2 Qxc6 47. Rxc6 Rd2 48. Kf3 Nxf2 49. Rc7 Kg6 50. g4 Nxh3 51. f5+ exf5 52.
gxf5+ Kxf5 53. Rxf7+ Kg6 54. Rc7 Ng5+ 55. Ke3 Rd5 0-1

[Event "Aeroflot Open 2016 B"]
[Site "Moscu RUS"]
[Date "2016.03.03"]
[Round "3.1"]
[White "Venkatesh, M.R."]
[Black "Arribas Lopez, Angel"]
[Result "0-1"]
[WhiteElo "2443"]
[BlackElo "2543"]
[PlyCount "72"]
[EventDate "2016.03.01"]
[EventType "swiss"]
[EventRounds "9"]
[EventCountry "RUS"]
[Source "lmi"]
[SourceDate "2016.03.01"]

1. Nf3 d5 2. g3 g6 3. Bg2 Bg7 4. d4 Nf6 5. O-O O-O 6. c4 c6 7. b3 Ne4 8. Bb2
Be6 9. Nbd2 Nxd2 10. Qxd2 dxc4 11. Ng5 cxb3 12. Nxe6 fxe6 13. Qe3 bxa2 14.
Qxe6+ Kh8 15. Qxa2 Bf6 16. Rab1 Qc7 17. e4 a5 18. e5 Bg7 19. Bc3 Ra7 20. Rfc1
b5 21. Ra1 Qb6 22. Bd2 a4 23. Be3 Qa5 24. Rab1 Na6 25. Bxc6 Nb4 26. Qa3 Nxc6
27. Rxc6 Rb8 28. Qc5 Bf8 29. e6 b4 30. Qc4 a3 31. d5 a2 32. Bd4+ Kg8 33. Ra1 b3
34. Bb2 Qd2 35. Qc3 Qxc3 36. Rxc3 Bg7 0-1

[Event "Aeroflot Open 2016 B"]
[Site "Moscu RUS"]
[Date "2016.03.03"]
[Round "3.2"]
[White "Gordievsky, Dmitry"]
[Black "Abhishek, Kelkar"]
[Result "1-0"]
[WhiteElo "2524"]
[BlackElo "2375"]
[PlyCount "125"]
[EventDate "2016.03.01"]
[EventType "swiss"]
[EventRounds "9"]
[EventCountry "RUS"]
[Source "lmi"]
[SourceDate "2016.03.01"]

1. d4 d5 2. c4 c6 3. Nc3 Nf6 4. e3 a6 5. Nf3 Bf5 6. Ne5 Nbd7 7. Qb3 Qc7 8. cxd5
Nxe5 9. dxe5 Nxd5 10. Nxd5 cxd5 11. Bd2 e6 12. Rc1 Qd7 13. Be2 Be7 14. Ba5 Rc8
15. Rxc8+ Qxc8 16. Kd2 O-O 17. Rc1 Qa8 18. Bb4 Qd8 19. g4 Bg6 20. Qa3 Bxb4+ 21.
Qxb4 f6 22. exf6 Qxf6 23. Qxb7 d4 24. Rc8 Qxf2 25. Rxf8+ Qxf8 26. Qb6 dxe3+ 27.
Kxe3 Qe7 28. Qb8+ Kf7 29. Qf4+ Kg8 30. Qb8+ Kf7 31. Qf4+ Kg8 32. Qe5 Qa7+ 33.
Kd2 Qb6 34. Kc3 Be8 35. Bc4 Bd7 36. b4 h6 37. h4 Kf7 38. Qf5+ Ke7 39. Qe5 Kf7
40. Qf4+ Ke7 41. Qd4 Qxd4+ 42. Kxd4 Kd6 43. Bxa6 e5+ 44. Ke4 Bxg4 45. a4 g5 46.
hxg5 hxg5 47. a5 Bd7 48. Be2 g4 49. Ke3 g3 50. Bf3 Bb5 51. Be4 Kc7 52. Kf3 Kb8
53. Kxg3 Ka7 54. Kg4 Ka6 55. Kf5 Bf1 56. Bc6 e4 57. Kf4 Bh3 58. Ke3 Bf1 59. Kd4
Bh3 60. Bxe4 Kb5 61. Kc3 Bd7 62. Bd3+ Ka4 63. a6 1-0

[Event "Aeroflot Open 2016 B"]
[Site "Moscu RUS"]
[Date "2016.03.03"]
[Round "3.3"]
[White "Dvalishvili, Pavel S"]
[Black "Gabrielian, Artur"]
[Result "1/2-1/2"]
[WhiteElo "2442"]
[BlackElo "2512"]
[PlyCount "27"]
[EventDate "2016.03.01"]
[EventType "swiss"]
[EventRounds "9"]
[EventCountry "RUS"]
[Source "lmi"]
[SourceDate "2016.03.01"]

1. e4 c5 2. b3 d6 3. Bb2 e6 4. f4 Nf6 5. Bb5+ Bd7 6. Bxd7+ Nbxd7 7. Qe2 Be7 8.
Nf3 a6 9. c4 O-O 10. Nc3 Rb8 11. O-O Ne8 12. Kh1 Nc7 13. e5 b5 14. d3 1/2-1/2

[Event "Aeroflot Open 2016 B"]
[Site "Moscu RUS"]
[Date "2016.03.03"]
[Round "3.4"]
[White "Paravyan, David"]
[Black "Kanter, Eduard"]
[Result "1-0"]
[WhiteElo "2506"]
[BlackElo "2353"]
[PlyCount "75"]
[EventDate "2016.03.01"]
[EventType "swiss"]
[EventRounds "9"]
[EventCountry "RUS"]
[Source "lmi"]
[SourceDate "2016.03.01"]

1. c4 e6 2. Nc3 d5 3. d4 c5 4. cxd5 exd5 5. Nf3 Nc6 6. g3 Nf6 7. Bg2 Be7 8. O-O
O-O 9. dxc5 Bxc5 10. a3 Re8 11. b4 Bf8 12. Bg5 Be6 13. Ra2 Rc8 14. Bxf6 gxf6
15. Nb5 a5 16. bxa5 Qxa5 17. Nfd4 Nxd4 18. Nxd4 Rc3 19. a4 Rc4 20. e3 Ra8 21.
Qh5 Rxa4 22. Rxa4 Qxa4 23. Bxd5 Qd7 24. Be4 h6 25. Rb1 Rc8 26. Rxb7 Bh3 27. f3
Rc5 28. Rxd7 Rxh5 29. g4 Re5 30. Bd5 Rxe3 31. Bxf7+ Kh7 32. Be6+ Kg6 33. Kf2
Ra3 34. Bf5+ Kg5 35. Kg3 Bxg4 36. h4+ Kh5 37. Bxg4+ Kg6 38. h5+ 1-0

[Event "Aeroflot Open 2016 B"]
[Site "Moscu RUS"]
[Date "2016.03.03"]
[Round "3.5"]
[White "Lugovskoy, Maxim"]
[Black "Gevorgyan, David Sh"]
[Result "1-0"]
[WhiteElo "2499"]
[BlackElo "2346"]
[PlyCount "79"]
[EventDate "2016.03.01"]
[EventType "swiss"]
[EventRounds "9"]
[EventCountry "RUS"]
[Source "lmi"]
[SourceDate "2016.03.01"]

1. e4 e5 2. Nf3 Nc6 3. Nc3 Nf6 4. d4 exd4 5. Nxd4 Bb4 6. Nxc6 bxc6 7. Bd3 d5 8.
exd5 cxd5 9. O-O O-O 10. h3 c5 11. Qf3 Be6 12. Rd1 Bxc3 13. bxc3 Qa5 14. Bg5
Ne4 15. Bxe4 dxe4 16. Qg3 Kh8 17. Rd6 Rae8 18. Bf4 Qa4 19. Rb1 Re7 20. Qg5 Qxa2
21. Qxe7 Qxb1+ 22. Kh2 Rg8 23. Be5 Qc1 24. Qh4 h6 25. Bf4 Qxc2 26. Bxh6 Re8 27.
Bf4+ Kg8 28. Qg3 Bf5 29. Rd5 Bg6 30. h4 e3 31. fxe3 Qe2 32. Rg5 Re6 33. h5 Bxh5
34. Rxg7+ Kf8 35. Rg8+ Ke7 36. Qg5+ Rf6 37. Qe5+ Re6 38. Qc7+ Kf6 39. Bg5+ Kf5
40. Qf4# 1-0

[Event "Aeroflot Open 2016 B"]
[Site "Moscu RUS"]
[Date "2016.03.03"]
[Round "3.6"]
[White "Iljin, Timofey"]
[Black "Diermair, Andreas"]
[Result "0-1"]
[WhiteElo "2330"]
[BlackElo "2450"]
[PlyCount "88"]
[EventDate "2016.03.01"]
[EventType "swiss"]
[EventRounds "9"]
[EventCountry "RUS"]
[Source "lmi"]
[SourceDate "2016.03.01"]

1. d4 d5 2. c4 c6 3. Nc3 Nf6 4. Nf3 dxc4 5. g3 Nbd7 6. Bg2 g6 7. O-O Bg7 8. b3
cxb3 9. Qxb3 O-O 10. Rd1 Qb6 11. Qc2 Qa5 12. Bd2 e5 13. Ne4 Qc7 14. Bb4 Nxe4
15. Bxf8 Nxf8 16. Qxe4 f5 17. Qe3 e4 18. Ne5 Be6 19. f4 Qe7 20. Qc3 Bd5 21. e3
Rd8 22. Bf1 Ne6 23. Bc4 Nc7 24. Rab1 Bxc4 25. Qxc4+ Nd5 26. Rb3 Bxe5 27. dxe5
Rd7 28. Kh1 Kf8 29. g4 Qh4 30. Rg1 Qf2 31. Qf1 Qxa2 32. gxf5 Qxb3 33. e6 Rg7
34. Qh3 Qxe3 35. Qh4 Qf3+ 36. Rg2 Qf1+ 37. Rg1 Qf3+ 38. Rg2 g5 39. e7+ Ke8 40.
f6 Qxg2+ 41. Kxg2 gxh4+ 42. fxg7 Nxe7 43. f5 Kf7 44. f6 Nd5 0-1

[Event "Aeroflot Open 2016 B"]
[Site "Moscu RUS"]
[Date "2016.03.03"]
[Round "3.7"]
[White "Rozum, Ivan"]
[Black "Ulko, Jaroslav"]
[Result "1-0"]
[WhiteElo "2543"]
[BlackElo "2452"]
[PlyCount "87"]
[EventDate "2016.03.01"]
[EventType "swiss"]
[EventRounds "9"]
[EventCountry "RUS"]
[Source "lmi"]
[SourceDate "2016.03.01"]

1. Nf3 Nf6 2. c4 g6 3. g3 Bg7 4. Bg2 O-O 5. O-O d6 6. d4 Nbd7 7. Nc3 e5 8. e4
exd4 9. Nxd4 Re8 10. h3 a6 11. Be3 Rb8 12. b3 Qe7 13. Nd5 Qd8 14. Nc3 Qe7 15.
a4 Nc5 16. Re1 Bd7 17. Bg5 Qf8 18. a5 h6 19. Bf4 Bc6 20. Nxc6 bxc6 21. Rb1 Nfd7
22. Qc2 Ne5 23. Bxe5 Bxe5 24. b4 Qg7 25. Ne2 Ne6 26. Qa4 c5 27. b5 axb5 28.
cxb5 Ra8 29. a6 Reb8 30. f4 Bc3 31. Red1 Ra7 32. e5 Bd4+ 33. Nxd4 Nxd4 34. exd6
f5 35. Qc4+ Kh7 36. Qxc5 Ne2+ 37. Kh2 cxd6 38. Qxd6 Re8 39. Rb3 Ree7 40. Bb7 h5
41. b6 Raxb7 42. axb7 Rxb7 43. Qe5 Qe7 44. Re3 1-0

[Event "Aeroflot Open 2016 B"]
[Site "Moscu RUS"]
[Date "2016.03.03"]
[Round "3.8"]
[White "Girya, Olga"]
[Black "Chigaev, Maksim"]
[Result "1/2-1/2"]
[WhiteElo "2452"]
[BlackElo "2543"]
[PlyCount "132"]
[EventDate "2016.03.01"]
[EventType "swiss"]
[EventRounds "9"]
[EventCountry "RUS"]
[Source "lmi"]
[SourceDate "2016.03.01"]

1. d4 Nf6 2. c4 e6 3. Nf3 b6 4. g3 Bb7 5. Bg2 Be7 6. O-O O-O 7. Nc3 Ne4 8. Bd2
Bf6 9. Ne5 Nxc3 10. Bxc3 Bxg2 11. Kxg2 d5 12. Qd3 Bxe5 13. dxe5 Nd7 14. cxd5
Nc5 15. Qf3 Qxd5 16. Rfd1 Qxf3+ 17. Kxf3 a5 18. Rd4 Rfd8 19. Rad1 Rxd4 20. Rxd4
Kf8 21. Rh4 h6 22. Rc4 Na6 23. Rf4 Nb4 24. Bxb4+ axb4 25. Rxb4 Rxa2 26. h4 h5
27. Kf4 g6 28. Kg5 Kg7 29. Kf4 Ra5 30. Rc4 c5 31. Rc3 Ra4+ 32. Ke3 Rb4 33. b3
Rd4 34. Rc2 Kf8 35. Ra2 Rb4 36. Ra3 Ke8 37. Kd3 b5 38. Ra8+ Kd7 39. Ra7+ Kc6
40. Kc3 Re4 41. e3 Rxe5 42. Rxf7 Rf5 43. Rg7 Rxf2 44. Rxg6 b4+ 45. Kd3 Rb2 46.
Ke4 Rxb3 47. Rxe6+ Kb5 48. Re5 Rb1 49. Rxh5 b3 50. Rh8 c4 51. Kd4 Rd1+ 52. Kc3
Rc1+ 53. Kd4 Kb4 54. Rb8+ Ka3 55. h5 b2 56. h6 b1=Q 57. Rxb1 Rxb1 58. Kxc4 Rh1
59. e4 Rxh6 60. e5 Ka4 61. Kd5 Kb5 62. e6 Rh1 63. e7 Re1 64. Kd6 Kb6 65. Kd7
Rd1+ 66. Ke6 Re1+ 1/2-1/2

[Event "Aeroflot Open 2016 B"]
[Site "Moscu RUS"]
[Date "2016.03.03"]
[Round "3.9"]
[White "Konovalov, Nikolay"]
[Black "Wang, Chen"]
[Result "1/2-1/2"]
[WhiteElo "2437"]
[BlackElo "2526"]
[PlyCount "73"]
[EventDate "2016.03.01"]
[EventType "swiss"]
[EventRounds "9"]
[EventCountry "RUS"]
[Source "lmi"]
[SourceDate "2016.03.01"]

1. e4 c5 2. c4 Nc6 3. Nc3 g6 4. g3 Bg7 5. Bg2 Nf6 6. Nge2 O-O 7. d3 Ne8 8. Be3
Nd4 9. O-O Nc7 10. Rb1 d6 11. a3 Rb8 12. b4 b6 13. Qd2 Re8 14. f4 Bd7 15. f5
Be5 16. Bh6 Kh8 17. fxg6 fxg6 18. Nf4 Rg8 19. Nh3 Bxh3 20. Bxh3 Qe8 21. Kg2
Nce6 22. Be3 g5 23. Bg4 Qg6 24. Kh1 Rbf8 25. Nd5 Qg7 26. Qg2 Nd8 27. Bd2 e6 28.
Ne3 Rxf1+ 29. Rxf1 Rf8 30. Bh5 Rxf1+ 31. Qxf1 Qe7 32. Ng4 Bg7 33. Kg2 Kg8 34.
Qd1 N8c6 35. b5 Ne5 36. Nxe5 Bxe5 37. Bc3 1/2-1/2

[Event "Aeroflot Open 2016 B"]
[Site "Moscu RUS"]
[Date "2016.03.03"]
[Round "3.10"]
[White "Rogozenco, Dorian"]
[Black "Tunik, Gennady"]
[Result "1-0"]
[WhiteElo "2500"]
[BlackElo "2426"]
[PlyCount "63"]
[EventDate "2016.03.01"]
[EventType "swiss"]
[EventRounds "9"]
[EventCountry "RUS"]
[Source "lmi"]
[SourceDate "2016.03.01"]

1. d4 Nf6 2. c4 e6 3. Nc3 Bb4 4. Bg5 h6 5. Bh4 c5 6. d5 d6 7. e3 Bxc3+ 8. bxc3
Qe7 9. Nf3 Nbd7 10. Nd2 O-O 11. Be2 b6 12. O-O Bb7 13. e4 Rae8 14. Re1 Qd8 15.
a4 Qc7 16. Qc2 a5 17. Rab1 Ba6 18. Nf1 exd5 19. cxd5 Bxe2 20. Rxe2 c4 21. Bxf6
Nxf6 22. Ng3 Nd7 23. Nf5 Ne5 24. Qd2 Nd3 25. Re3 Kh8 26. Nxh6 Qd7 27. Nf5 Nf4
28. Rf3 Ng6 29. Qg5 Kg8 30. Rh3 Rxe4 31. Qh5 Nh4 32. Nxh4 1-0

[Event "Aeroflot Open 2016 B"]
[Site "Moscu RUS"]
[Date "2016.03.03"]
[Round "3.11"]
[White "Pavlovic, Milos"]
[Black "Sychev, Klementy"]
[Result "1/2-1/2"]
[WhiteElo "2494"]
[BlackElo "2424"]
[PlyCount "40"]
[EventDate "2016.03.01"]
[EventType "swiss"]
[EventRounds "9"]
[EventCountry "RUS"]
[Source "lmi"]
[SourceDate "2016.03.01"]

1. d4 Nf6 2. Nf3 e6 3. e3 d5 4. c4 Be7 5. b3 O-O 6. Bd3 b6 7. O-O Bb7 8. Bb2
Nbd7 9. Nc3 c5 10. cxd5 Nxd5 11. Nxd5 Bxd5 12. Rc1 Rc8 13. Qe2 Bb7 14. Rfd1
cxd4 15. Nxd4 Rxc1 16. Rxc1 Nc5 17. Bb5 a6 18. Nc6 Bxc6 19. Bxc6 Nd3 20. Rd1
Qc7 1/2-1/2

[Event "Aeroflot Open 2016 B"]
[Site "Moscu RUS"]
[Date "2016.03.03"]
[Round "3.12"]
[White "Li, Di"]
[Black "Demidov, Mikhail"]
[Result "1/2-1/2"]
[WhiteElo "2428"]
[BlackElo "2490"]
[PlyCount "92"]
[EventDate "2016.03.01"]
[EventType "swiss"]
[EventRounds "9"]
[EventCountry "RUS"]
[Source "lmi"]
[SourceDate "2016.03.01"]

1. c4 e6 2. Nf3 Nf6 3. g3 d5 4. d4 Bb4+ 5. Nbd2 O-O 6. Bg2 b6 7. cxd5 exd5 8.
O-O Re8 9. a3 Bd6 10. b3 Nbd7 11. Bb2 Bb7 12. Re1 a5 13. Nh4 Ra7 14. Rc1 g6 15.
Nb1 Ne4 16. Nc3 Nxc3 17. Rxc3 Nf6 18. Nf3 Ne4 19. Rc2 Qe7 20. Ne5 Raa8 21. e3
Rac8 22. Nc6 Qd7 23. Ne5 Qe7 24. Nc6 Bxc6 25. Rxc6 Bxa3 26. Bxa3 Qxa3 27. Qc2
Kg7 28. Rc1 Re7 29. Bxe4 Rxe4 30. Qd1 Re6 31. Rxc7 Rxc7 32. Rxc7 Re7 33. Rc8
Re6 34. Qc2 Qb4 35. Kg2 Rf6 36. Qc3 Qe7 37. Qc2 Qb4 38. Qc3 Qe7 39. Qc2 Qd7 40.
h3 h5 41. Rc7 Qe6 42. Rb7 Qe8 43. Rc7 Qe6 44. Rb7 Qe8 45. Rc7 Qe6 46. Rb7 Qe8
1/2-1/2

[Event "Aeroflot Open 2016 B"]
[Site "Moscu RUS"]
[Date "2016.03.03"]
[Round "3.13"]
[White "Potapov, Pavel"]
[Black "Wang, Jue"]
[Result "1-0"]
[WhiteElo "2486"]
[BlackElo "2369"]
[PlyCount "91"]
[EventDate "2016.03.01"]
[EventType "swiss"]
[EventRounds "9"]
[EventCountry "RUS"]
[Source "lmi"]
[SourceDate "2016.03.01"]

1. e4 c5 2. c3 d5 3. exd5 Qxd5 4. d4 Nc6 5. Nf3 Bf5 6. Be3 Nf6 7. Na3 e6 8. Qa4
Be7 9. Nb5 Rc8 10. dxc5 Nd7 11. b4 Nde5 12. Nxe5 Qxe5 13. Be2 a6 14. Nd4 O-O
15. O-O Be4 16. Rfe1 Rfd8 17. Rad1 Nxd4 18. Rxd4 Bc6 19. Qb3 Bg5 20. Bf1 Bxe3
21. Rxe3 Qg5 22. Red3 Re8 23. a4 e5 24. Rd6 e4 25. Rg3 Qe5 26. Qd1 Re6 27. Rd4
Re7 28. Bc4 Qf4 29. h3 h6 30. Re3 Kh8 31. Rd6 f5 32. Bxa6 Qe5 33. Bb5 f4 34.
Re2 f3 35. Re3 Qg5 36. g3 Bxb5 37. axb5 Qf5 38. Kh2 Re5 39. Rd8+ Kh7 40. Rxc8
Qxc8 41. Qd4 Qe6 42. c4 Kh8 43. Qd6 Qe8 44. c6 bxc6 45. bxc6 Rh5 46. Qd7 1-0

[Event "Aeroflot Open 2016 B"]
[Site "Moscu RUS"]
[Date "2016.03.03"]
[Round "3.14"]
[White "Hayrapetyan, Hovik"]
[Black "Pustovoitova, Daria"]
[Result "1-0"]
[WhiteElo "2480"]
[BlackElo "2337"]
[PlyCount "119"]
[EventDate "2016.03.01"]
[EventType "swiss"]
[EventRounds "9"]
[EventCountry "RUS"]
[Source "lmi"]
[SourceDate "2016.03.01"]

1. c4 e5 2. Nc3 Nf6 3. Nf3 Nc6 4. e3 Bb4 5. Nd5 Bd6 6. Qc2 O-O 7. Ng5 g6 8.
Nxf6+ Qxf6 9. Ne4 Qf5 10. g4 Qf3 11. Rg1 Be7 12. h3 Nb4 13. Qb1 f5 14. Nf6+
Bxf6 15. Bg2 Qxg2 16. Rxg2 e4 17. d4 exd3 18. Kd2 Nc2 19. g5 Bg7 20. Kxd3 Ne1+
21. Ke2 Nxg2 22. Kf3 Nxe3 23. Bxe3 b6 24. Bf4 Bb7+ 25. Kg3 d6 26. Qc2 Rfe8 27.
Qd2 Kf7 28. Rc1 Re4 29. Re1 Rxe1 30. Qxe1 Bxb2 31. Qd2 Bg7 32. c5 Rd8 33. cxd6
cxd6 34. Qc2 Ke6 35. Qa4 Rd7 36. Qxa7 Bd4 37. Qb8 Bc5 38. h4 Re7 39. h5 gxh5
40. Be3 Bxe3 41. fxe3 Kd5 42. Qd8 Rxe3+ 43. Kf2 Ra3 44. Qxb6 Rxa2+ 45. Kg3 Ba6
46. Qb3+ Bc4 47. Qb7+ Ke5 48. Qg7+ Ke4 49. Qe7+ Kd3 50. Qxh7 h4+ 51. Qxh4 d5
52. g6 d4 53. g7 Kc3 54. Qd8 d3 55. Qc8 Ra1 56. Kh2 d2 57. g8=Q Rh1+ 58. Kxh1
d1=Q+ 59. Kh2 Qh5+ 60. Kg3 1-0

[Event "Aeroflot Open 2016 B"]
[Site "Moscu RUS"]
[Date "2016.03.03"]
[Round "3.15"]
[White "Harutyunian, Tigran K"]
[Black "Iljiushenok, Ilia"]
[Result "1-0"]
[WhiteElo "2426"]
[BlackElo "2479"]
[PlyCount "99"]
[EventDate "2016.03.01"]
[EventType "swiss"]
[EventRounds "9"]
[EventCountry "RUS"]
[Source "lmi"]
[SourceDate "2016.03.01"]

1. c4 e5 2. Nc3 Nf6 3. Nf3 Nc6 4. e4 Bb4 5. d3 d6 6. a3 Bc5 7. b4 Bb6 8. Na4
Bg4 9. Nxb6 axb6 10. Bb2 Nd7 11. Be2 f5 12. exf5 Bxf5 13. d4 e4 14. Nd2 Qg5 15.
g4 Bg6 16. Qb3 O-O 17. h4 Qf4 18. Qe3 h6 19. Nf1 Ne7 20. h5 Be8 21. d5 b5 22.
Qxf4 Rxf4 23. Ne3 bxc4 24. g5 hxg5 25. Rg1 b5 26. Rxg5 g6 27. Kd2 Rxf2 28. Ng4
Rf4 29. Rh1 Ne5 30. hxg6 N7xg6 31. Nxe5 dxe5 32. Bxe5 e3+ 33. Kd1 Rxa3 34. Rh8+
Kf7 35. Bh5 Rf1+ 36. Ke2 Rf2+ 37. Ke1 c3 38. Bxg6+ Ke7 39. Rxe8+ Kd7 40. Bxc3
Rxc3 41. Rxe3 Rxe3+ 42. Kxf2 Rc3 43. Rg4 Kd6 44. Bf7 Ke5 45. Ke2 Rb3 46. Be8
Rb2+ 47. Kd3 Kxd5 48. Bxb5 c5 49. Bc4+ Ke5 50. bxc5 1-0

[Event "Aeroflot Open 2016 B"]
[Site "Moscu RUS"]
[Date "2016.03.03"]
[Round "3.16"]
[White "Gurvich, Vitaly"]
[Black "Golubov, Saveliy"]
[Result "0-1"]
[WhiteElo "2338"]
[BlackElo "2469"]
[PlyCount "94"]
[EventDate "2016.03.01"]
[EventType "swiss"]
[EventRounds "9"]
[EventCountry "RUS"]
[Source "lmi"]
[SourceDate "2016.03.01"]

1. d4 d5 2. c4 Nc6 3. Nc3 dxc4 4. Nf3 Nf6 5. d5 Na5 6. Qa4+ c6 7. b4 b5 8. Qxa5
Qxa5 9. bxa5 b4 10. dxc6 bxc3 11. e3 Ba6 12. Ne5 Rc8 13. Nxc4 Rxc6 14. Ne5 Rc5
15. Bxa6 Rxe5 16. a4 Rxa5 17. Bb5+ Kd8 18. Ke2 a6 19. Bc4 e6 20. f3 Bd6 21. Ba3
Ke7 22. Bxd6+ Kxd6 23. Rhd1+ Ke7 24. Rab1 Rd8 25. Rb7+ Rd7 26. Rdxd7+ Nxd7 27.
Kd3 Rxa4 28. Kxc3 Ke8 29. Ra7 Nb6 30. Bb3 Ra5 31. g4 Ra1 32. Rb7 Nd7 33. Kb2
Ra5 34. Ra7 g6 35. f4 Nf6 36. h3 h5 37. g5 Ne4 38. h4 Nd6 39. Ra8+ Ke7 40. Ra7+
Kf8 41. Ra8+ Kg7 42. Ra7 Rb5 43. Kc2 Rb7 44. Rxb7 Nxb7 45. Bc4 a5 46. Kc3 Nd6
47. Bd3 Nf5 0-1

[Event "Aeroflot Open 2016 B"]
[Site "Moscu RUS"]
[Date "2016.03.03"]
[Round "3.17"]
[White "Nikolenko, Oleg"]
[Black "Tsydypov, Zhamsaran"]
[Result "0-1"]
[WhiteElo "2511"]
[BlackElo "2425"]
[PlyCount "168"]
[EventDate "2016.03.01"]
[EventType "swiss"]
[EventRounds "9"]
[EventCountry "RUS"]
[Source "lmi"]
[SourceDate "2016.03.01"]

1. e4 c5 2. Nf3 d6 3. d4 cxd4 4. Nxd4 Nf6 5. Nc3 a6 6. Be2 g6 7. O-O Bg7 8. Re1
O-O 9. Bf1 Nc6 10. Nb3 Bg4 11. f3 Be6 12. Bg5 Rc8 13. Kh1 Ne5 14. a4 Bc4 15.
Nd2 Be6 16. Nb3 Qc7 17. Nd4 Qa5 18. Nxe6 fxe6 19. Bd2 Qb6 20. Ra3 Nh5 21. Rb3
Qf2 22. Re2 Ng4 23. Qe1 Bd4 24. Rxf2 Nxf2+ 25. Qxf2 Bxf2 26. Rxb7 Rb8 27. Rxb8
Rxb8 28. b3 a5 29. Bc4 Kf7 30. Ne2 Bb6 31. g4 Ng7 32. h4 Ne8 33. Nf4 Nc7 34.
Nh3 Ke8 35. Kg2 Kd7 36. f4 Rf8 37. Bd3 e5 38. fxe5 dxe5 39. Bh6 Rc8 40. Bg7 Bd4
41. Ng5 Rg8 42. Bh6 Be3 43. Bc4 Rb8 44. Nf7 Bxh6 45. Nxh6 Ne8 46. Nf7 Nf6 47.
Nxe5+ Kd6 48. Nf7+ Kc5 49. Kf3 Kd4 50. e5 Ne4 51. Kf4 Rf8 52. c3+ Nxc3 53. Kg5
Nd5 54. e6 Ne3 55. Bb5 Rb8 56. Kh6 Nxg4+ 57. Kxh7 Rb6 58. Bc4 Ne3 59. Ng5 Nf5
60. Nf3+ Ke3 61. Kxg6 Kf4 62. h5 Rb8 63. Nd2 Rf8 64. b4 axb4 65. a5 Rf6+ 66.
Kh7 Rh6+ 67. Kg8 Rxh5 68. a6 Nd6 69. Kf8 Ke5 70. Kxe7 Rh7+ 71. Kd8 Nxc4 72. e7
Nd6 73. Nc4+ Kf6 74. Nxd6 Rxe7 75. Nb7 b3 76. a7 b2 77. a8=Q b1=Q 78. Qa6+ Re6
79. Nd6 Qb8+ 80. Kd7 Re7+ 81. Kc6 Qc7+ 82. Kb5 Re5+ 83. Ka4 Qc2+ 84. Kb4 Qb2+
0-1